Statistics for Hobbit: The Desolation of Smaug (Hard)

Click here to take the quiz!

General Stats

  • This quiz has been taken 621 times
  • The average score is 15 of 21

Answer Stats

Hint Answer % Correct
Which 2 wizards are in the movie?Gandalf
98%
Who discovers the keyhole in the hidden door?Bilbo
97%
Fili
96%
Kili
96%
Legolas
93%
Radagast
91%
Who helps the dwarves in Laketown?Bard
89%
Which 4 dwarves were left behind at Laketown?Bofur
84%
Oin
80%
What is Bilbo sent to retrieve from the hoard?Arkenstone
80%
What day do they have to get to the mountain by?Durin's Day
79%
What forest did the dwarves escape from?Mirkwood
79%
Thranduil
79%
Name the three main elves in the movie.Tauriel
73%
Who is the skinchanger in the movie?Beorn
71%
What are some of the names Bilbo gave himself when talking to Smaug?Barrel Rider
61%
Where did Gandalf go?Dol Guldur
46%
Where are they trying to reach?The lonely mountain
42%
Luck wearer
21%
Web-Cutter
6%
The Stinging Fly
3%

Score Distribution

Percentile by Number Answered

Percent of People with Each Score

Your Score History

You have not taken this quiz